Quizzes
Events
Quiz Creation
Community
Videos
Private Events
Remove Ads
Sign In
Join for FREE
Feedback
Dark Mode
Quiz Categories
Sports
Geography
Music
Movies
Television
Just For Fun
Miscellaneous
History
Literature
Language
Science
Gaming
Entertainment
Religion
Holiday
For Kids
Quiz Lab
Recent
Popular Today
Quiz Kudos Today
Editor Picks
Curator Picks
Quizzes by...
Day
Popularity
Type
Ratings
Length
Year
Community
Subscriptions
Recent Discussions
Orange Saloon
Badges
Playlists
Quests
Create
Leaderboards
Showdown
Live 5
Trivia Bingo
Activity
Puzzle Library
Sporcle Events
Private Events
Virtual Trivia
Globe League
Become a Host
Pub Owners
SporcleCon
Opinionation
Our Games
Videos
Blog
Mobile Apps
Partnerships
Remove Ads and Go Orange
Feedback
Music
Pop Music
The Beatles
Song
Album
Lyrics
Bands
Singers
Artist
Clip
Rock
Rap
Classical
Billboard
Country Music
Kpop
Taylor Swift
Music
Pop Music
The Beatles
Song
Album
Lyrics
Bands
Singers
Artist
Clip
Rock
Rap
Classical
Billboard
Country Music
Kpop
Taylor Swift
Random Quiz
Search Sporcle
×
Quiz Lab
Quiz Lab
Music
Album
Type in answers that appear in a list
Type in answers that appear in a list
Classic
Best Score? Go Orange.
Alice In Chains Songs Stats
Can you name the Alice In Chains Songs?
By
MRoren
15m
134 Questions
186 Plays
186 Plays
186 Plays
Comments
Comments
Give Quiz Kudos
Give Quiz Kudos
-
- Ratings
hide this ad
Replay
Link that replays current quiz
Next Quiz
Link to next quiz in quiz playlist
You Got
0%
They Got
Avg Score
82%
Avg Friend Score
Upgrade to see
Score Distribution
Jump to the score distribution portion of the page
Score
0/134
Timer
15:00
0
Plays Today
Album
Songs
% Correct
Facelift
Man In The Box
98.4%
Live
Man in the Box
97.8%
Music Bank
Man In The Box
97.8%
Dirt
Rooster
95.2%
Music Bank (Continued)
Rooster
95.2%
MTV Unplugged
Rooster
94.6%
Music Bank
Rooster
94.1%
Facelift
We Die Young
93.5%
Dirt
Them Bones
93.5%
MTV Unplugged
Would?
93.5%
Live
Rooster
93.5%
Music Bank
We Die Young
93.5%
Dirt
Angry Chair
93%
Music Bank (Continued)
Them Bones
93%
Dirt
Would?
92.5%
Live
Would?
92.5%
Facelift
Sea Of Sorrow
91.9%
Live
Bleed The Freak
91.9%
Live
Angry Chair
91.9%
Music Bank
Sea Of Sorrow
91.9%
MTV Unplugged
Nutshell
90.9%
MTV Unplugged
Angry Chair
90.9%
Music Bank (Continued)
Would?
90.9%
Facelift
Bleed the Freak
90.3%
Sap
Brother
90.3%
MTV Unplugged
No Excuses
90.3%
Live
Them Bones
90.3%
Dirt
Rain When I Die
89.8%
Jar of Flies
Nutshell
89.8%
Jar of Flies
No Excuses
89.8%
MTV Unplugged
Brother
89.8%
Music Bank (Continued)
No Excuses
89.8%
Music Bank
Down In A Hole
89.8%
Dirt
Down in a Hole
89.2%
Alice in Chains
Grind
89.2%
Alice in Chains
Again
89.2%
Music Bank
Bleed The Freak
89.2%
MTV Unplugged
Down In A Hole
88.7%
MTV Unplugged
Heaven Beside You
88.7%
MTV Unplugged
Frogs
88.7%
Live
Again
88.7%
Music Bank (Continued)
Rain When I Die
88.7%
Music Bank (Continued)
Dirt
88.7%
Music Bank
Grind
88.7%
Facelift
Love, Hate, Love
88.2%
Album
Songs
% Correct
Dirt
Junkhead
88.2%
Dirt
Dirt
88.2%
Live
Dirt
88.2%
Music Bank (Continued)
Junkhead
88.2%
Music Bank (Continued)
Brother
88.2%
Music Bank
Again
88.2%
Jar of Flies
I Stay Away
87.6%
Alice in Chains
Heaven Beside You
87.6%
Music Bank
Love, Hate, Love
87.6%
Music Bank
Got Me Wrong
87.6%
Live
Love, Hate, Love
87.1%
Music Bank
Nutshell
87.1%
Dirt
Dam That River
86.6%
Live
Junkhead
86.6%
Alice in Chains
Frogs
86.6%
MTV Unplugged
Sludge Factory
86.6%
Sap
Got Me Wrong
86%
Alice in Chains
Over Now
86%
MTV Unplugged
Over Now
86%
Music Bank (Continued)
I Stay Away
86%
MTV Unplugged
Got Me Wrong
85.5%
Live
Dam That River
85.5%
Music Bank
Confusion
85.5%
Music Bank
Frogs
85.5%
Music Bank
Heaven Beside You
85.5%
Dirt
Hate To Feel
84.9%
Alice in Chains
Sludge Factory
84.9%
Black Gives Way to Blue
Black Gives Way to Blue
84.9%
Music Bank
It Ain't Like That
84.9%
Jar of Flies
Rotten Apple
84.4%
Music Bank
Right Turn
84.4%
Music Bank (Continued)
Sickman
84.4%
Facelift
Sunshine
83.9%
Facelift
Confusion
83.9%
Sap
Right Turn
83.9%
Music Bank (Continued)
Dam That River
83.9%
Music Bank
Hate To Feel
83.9%
Facelift
It Ain't Like That
83.3%
Jar of Flies
Whale & Wasp
83.3%
Facelift
I Know Somethin (Bout You)
82.8%
Dirt
Sickman
82.8%
Dirt
God Smack
82.8%
Dirt
Iron Gland
82.8%
Live
God Am
82.8%
Music Bank (Continued)
God Smack
82.8%
Album
Songs
% Correct
Music Bank (Continued)
Iron Gland
82.8%
Music Bank
Over Now
82.8%
Alice in Chains
God Am
82.3%
Facelift
I Can't Remember
80.6%
Music Bank
I Can't Remember
80.6%
Music Bank
God Am
80.6%
Music Bank (Continued)
Am I Inside
79.6%
Facelift
Real Thing
79%
Sap
Am I Inside
78.5%
Alice in Chains
Brush Away
78.5%
MTV Unplugged
The Killer Is Me
78.5%
Jar of Flies
Don't Follow
78%
Music Bank
Head Creeps
77.4%
Alice in Chains
Head Creeps
76.9%
Jar of Flies
Swing On This
76.3%
Facelift
Put You Down
75.8%
Alice in Chains
Nothin' Song
75.8%
Music Bank
Get Born Again
75.3%
Music Bank
The Killer Is Me
75.3%
Black Gives Way to Blue
Check My Brain
74.7%
Live
Queen Of The Rodeo
73.7%
Music Bank
Queen of the Rodeo
73.7%
Black Gives Way to Blue
Your Decision
73.1%
Music Bank
What the Hell Have I
73.1%
Music Bank
Died
72%
Alice in Chains
Shame In You
71%
Alice in Chains
So Close
70.4%
Black Gives Way to Blue
Acid Bubble
68.8%
Black Gives Way to Blue
Private Hell
67.7%
Black Gives Way to Blue
A Looking In View
66.1%
Music Bank
Social Parasite
63.4%
Black Gives Way to Blue
All Secrets Known
62.9%
Black Gives Way to Blue
Last Of My Kind
62.9%
Black Gives Way to Blue
Take Her Out
62.4%
Music Bank
A Little Bitter
62.4%
Live
A Little Bitter
61.8%
Music Bank
Killing Yourself
61.8%
Black Gives Way to Blue
Lesson Learned
61.3%
Black Gives Way to Blue
When The Sun Rose Again
60.8%
Music Bank
I Can't Have You Blues
60.8%
Music Bank (Continued)
Fear The Voices
58.6%
Music Bank (Continued)
Lying Season
57%
Music Bank
Whatcha Gonna Do
54.8%
Music Bank (Continued)
Angry Chain
36.6%
Quiz Playlist
Details
Report
Send in Message
Add To Playlist
Classic:
Type in answers that appear in a list
Quiz Source
Last Updated: Feb 16, 2017
Quiz Scoreboard
CHALLENGE
Sign Up to Join the Scoreboard
Show All
Scores
Hide
Comments
May contain spoilers
Recently Published
Movies - When Are They Set?
by FPL_Elf
Movies
5m
Popular People in 1961
by mucciniale
History
6m
1-10 Letter E Words III
by El_Dandy
Language
2m
More to Explore
Quiz From the Vault
Featured Blog Post
Where Did the Easter Bunny Come From?
hide this ad
You Might Also Like...
Tags
Album Quiz
Song Quiz
alice
Alice in Chains
Today's Top Quizzes in Music
Browse Music
hide this ad
Today's Top Quizzes in Album
Browse Album
Top Contributed Quizzes in Music
1
Taylor Swift All Songs (2024)
2
2010s Album by Cover III
3
One Thing in Common: Music
4
Guess the Artist- 70s Songs
5
Taylor Swift Logic Puzzle
6
Guess the Taylor Swift song (Mystery Song)
7
2010s Album by Cover IV
8
2010s Album by Cover V
9
KPOP LOGIC QUIZ
10
2010s Album by Cover VI
Explore More
Trending Topics
NBA
Disney
Anime
Harry Potter
Marvel
Crossword
Kpop
WWE
Pokémon
Song
Country
NFL
Puzzle
The Office
Soccer
hide this ad
More By:
MRoren
Quiz
Plays
Rating
Category
Featured
Created
Avengers Members
1,160
3.20
Literature
Sep 26, 2010
Ultimate X-Men Members
827
3.00
Literature
Sep 20, 2010
X-Men Age Of Apocalypse teams
802
3.50
Literature
Sep 20, 2010
Christina Aguilera Songs
585
3.67
Music
Aug 21, 2011
Blur Songs
583
3.00
Music
Feb 1, 2012
Go to Creator's Profile
Score Distribution
Quiz Creator Spotlight
MRoren
Follow
Send a Message
Quizzes Created
-
Created Quiz Play Count
-
More By This Creator
Popular Quizzes Today
1
Find the Countries of Europe - No Outlines Minefield
2
Find the US States - No Outlines Minefield
3
The Countries of the World
4
Popular People in 1961
5
US States
6
1-10 Letter E Words III
7
Find the US States
8
One Thing in Common: World Cities II
More Music Quizzes
Siblings in Bands
Published
Trending Quizzes
Risky Map Clicking: Least Populous States A-Z
1-10 Letter F Words
Humor Books: The Subtitles
1-10 Letter G Words
One Thing in Common: United Kingdom
Recently Updated
Leaping Animals
pecheneg
Reality TV Shows (A-Z)
bhenderson79
Rickey Henderson's Hall of Fame Teammates
pecheneg
Champions League XIs: Arsenal
pecheneg
Quick Pick: Celebrities in WWE's Hall of Fame
aduchscher
A-Z Keypad Blitz II
pecheneg
Multiple Oscar Actors
pecheneg
Mystery Phrase Blitz: Oscar 'Best Actors'
pecheneg
F. Scott Fitzgerald Novels
LTH
Pick 3 Villains
ddd62291
Trending Topics
Marvel
Anime
Kpop
Disney
Harry Potter
Crossword
NBA
Puzzle
WWE
Pokémon
Country
NFL
The Office
Song
Soccer
Your Account Isn't Verified!
In order to create a playlist on Sporcle, you need to verify the email address you used during registration. Go to your
Sporcle Settings
to finish the process.
Report this User
Report this user for behavior that violates our
Community Guidelines
.
Details:
Send Report
Go to the Sporcle.com Mobile Site →
Comments